000 00323 a2200157 4500
001 180345
020 _a
040 _cMagnum
100 _aAraujo, Maria Lysia Correa de
240 1 0 _aO circulo
_lpor
245 1 0 _aO circulo
362 0 _a1899
440 1 _aLĂȘ
697 _aMAGNITO: J/CONFLITO/SONHOS
942 _cBK
999 _c180345
_d180345